Score 0/38 Timer 04:00
0 Plays Today
Movie Title 4-Letter Word % Correct
White Men ______ JumpCAN'T
95.9%
Gone with the ______WIND
95.2%
The Curious ______ of Benjamin ButtonCASE
94.4%
______ It Like BeckhamBEND
93.2%
______ Man WalkingDEAD
92.9%
The ______ Years of Our LivesBEST
92.8%
______ in TranslationLOST
91.5%
Close Encounters of the Third ______KIND
91%
The Englishman Who ______ Up a Hill But Came Down a MountainWENT
91%
How the ______ Was WonWEST
90.9%
The X-Files: I ______ to BelieveWANT
90.9%
Driving ______ DaisyMISS
90.2%
______ AwayCAST
89.5%
The ______ EmperorLAST
86.8%
The Ties That ______BIND
85.9%
A ______ Called WandaFISH
85.6%
Gorillas in the ______MIST
85.6%
Nothing to ______LOSE
85.3%
The ______ Are All RightKIDS
84.2%
Movie Title 4-Letter Word % Correct
One ______ DayFINE
83.4%
Days of ______ and RosesWINE
83.3%
How to ______ the High Co$t of LivingBEAT
82.8%
______ Me GuiltyFIND
82.6%
______ of the Planet of the ApesRISE
80.8%
______ of the Spider WomanKISS
80.5%
No Good ______DEED
80.3%
Death ______WISH
79.6%
Kung Pow: Enter the ______FIST
78.7%
The Purple ______ of CairoROSE
77.6%
______ Me No FlowersSEND
77.3%
______ on MeLEAN
76.4%
______ GuysWISE
75.4%
Joe ______KIDD
74.8%
Take the ______LEAD
73.5%
Freebie and the ______BEAN
71%
The Bad ______SEED
70.5%
Clan of the ______ BearCAVE
51.1%
______ The TigerSAVE
36%

Today's Daily Dose

Remove Ads.
Support Sporcle.
Get the best of Sporcle when you Go Orange. This ad-free experience offers more features, more stats, and more fun while also helping to support Sporcle. Thank you for becoming a member.

You're not logged in!

Compare scores with friends on all Sporcle quizzes.
OR
Log In

Show Comments

Extras

Top Quizzes Today


Score Distribution

Your Account Isn't Verified!

In order to create a playlist on Sporcle, you need to verify the email address you used during registration. Go to your Sporcle Settings to finish the process.

Report this User

Report this user for behavior that violates our Community Guidelines.

Details: